[Event "Skopje op"]
[Site "Skopje"]
[Date "2019.12.08"]
[Round "4"]
[White "Petrovska, Katerina"]
[Black "Jovanovski, Teodor"]
[Result "1-0"]
[WhiteElo "1950"]
[BlackElo "1222"]
[PlyCount "55"]
[EventDate "2019.12.06"]
[EventType "swiss"]
[EventRounds "9"]
[EventCountry "MKD"]
[SourceTitle "CBM 193 Extra"]
[Source "ChessBase"]
[SourceDate "2020.01.31"]
[SourceVersion "1"]
[SourceVersionDate "2020.01.31"]
[SourceQuality "1"]

1. e4 e6 2. d4 d5 3. Nd2 c5 4. e5 Nc6 5. Ngf3 Nh6 6. dxc5 Bxc5 7. Nb3 Be7 8. c3 Nf5 9. Bd3 0-0 10. h4 f6 11. exf6 Bxf6 12. Bxf5 exf5 13. Be3 Re8 14. 0-0 Bxh4 15. Nxh4 Qxh4 16. Qxd5+ Be6 17. Qd6 Bxb3 18. axb3 Ne5 19. Ra4 Ng4 20. Qd5+ Kh8 21. Bf4 Qh5 22. Ra5 Rf8 23. Qxb7 g5 24. Be5+ Nf6 25. Bxf6+ Rxf6 26. Qxa8+ Kg7 27. Rxa7+ Kh6 28. Qg8 1-0